000 00694nam a22002057a 4500
005 20260327112918.0
010 _aENG-147986
020 _a9789364444842
_c1050.00
035 _aEN-131518
037 _bDBAD
082 _a000
_21
100 _aSharma Arun
_988789
245 _aVERBAL ABILITY & READING COMPREHENSION for CAT
_cArun Sharma
_bCommon Admission test & Other Management Examinations
250 _a1
260 _aIndia
_bMcGraw Hill Education Private Limited
_c2026
270 _aAnjana complex no: 5/90A, Butt Road, St. Thomas Mount,
_bchennai
_c600016
300 _a852.pg
_c27cm(pb)
700 _988786
_aMeenakshi Upadhyay
942 _2ddc
_cEN
_h000
_mSHA
_e1
999 _c215778
_d215778